|
|
|
|
| LEADER |
00000nam0a2200000 4500 |
| 001 |
264257 |
| 005 |
20231031222734.0 |
| 010 |
|
|
|b 5000 экз.
|
| 035 |
|
|
|a (RuTPU)RU\TPU\book\287248
|
| 090 |
|
|
|a 264257
|
| 100 |
|
|
|a 20140618d1936 m y0rusy50 ca
|
| 101 |
1 |
|
|a rus
|c grc
|
| 102 |
|
|
|a RU
|
| 105 |
|
|
|a af z 001zy
|
| 200 |
1 |
|
|a Картины
|f Филострат (Старший и Младший)
|g примечания,перевод и введение С. П. Кондратьева
|
| 210 |
|
|
|a Ленинград
|c ОГИЗ
|c Изогиз
|d 1936
|
| 215 |
|
|
|a 191 с.
|c ил., цв. ил.
|
| 300 |
|
|
|a Первый русский перевод труда Филострата.
|
| 320 |
|
|
|a Примечания: с. 151-183
|
| 320 |
|
|
|a Литература по Филострату: с. 184
|
| 320 |
|
|
|a Указ. имен: с. 185-187
|
| 320 |
|
|
|a Список репродукций: с. 188.
|
| 423 |
|
|
|t Статуи
|f Калистрат
|a Калистрат, 0
|
| 600 |
|
1 |
|a Филострат (Старший и Младший)
|c древнегреческие писатели
|f 2-3 в.в. н. э.
|
| 610 |
1 |
|
|a древнегреческая культура
|
| 610 |
1 |
|
|a Античная Греция
|
| 610 |
1 |
|
|a искусство
|
| 610 |
1 |
|
|a памятники культуры
|
| 675 |
|
|
|a 7.032.6
|v 3
|
| 700 |
|
1 |
|a Филострат (Старший и Младший)
|
| 702 |
|
1 |
|a Кондратьев
|b С. П.
|4 730
|
| 801 |
|
1 |
|a RU
|b 63413507
|c 20140618
|
| 801 |
|
2 |
|a RU
|b 63413507
|c 20140618
|g RCR
|
| 942 |
|
|
|c BK
|